000 00558nmm a2200193Ia 4500
008 251105s9999||||xx |||||||||||||||||und||
020 _a9786071656773
041 _aspa
100 _aMuñoz Ledo, Norma
245 0 _aPeligro de suerte
264 _a[México D.C., Mexico] :
_bFondo de Cultura Económica,
_c2018
300 _a608 páginas
490 _aA la Orilla del Viento
650 _aAges 9-12 Years Old
700 _aMuñoz Ledo, Norma
700 1 _a Montt, Alberto
856 _uhttps://public.digitaliapublishing.com/a/64937
942 _cCF
999 _c69198
_d69198